Steven's Pokemon - Statistics

General Stats
  • This quiz has been taken 4 times
  • The average score is 7 of 11
Answer Stats
He uses it in Answer % Correct
Hoenn Armaldo
100%
Hoenn Cradily
100%
Hoenn Metagross
100%
Hoenn Aerodactyl
67%
Hoenn Aggron
67%
Hoenn Claydol
67%
Hoenn Skarmory
67%
Unova Archeops
33%
Hoenn Carbink
33%
Unova Excadrill
33%
Hoenn Metang
33%
No matching quizzes found
Score Distribution
Percent of People with Each Score
Percentile by Number Answered
Your Score History
You have not taken this quiz